000 00432nam a2200169 4500
001 122400
003 ES-MaACL
005 20230906191953.0
007 t|
008 070214s1969 sp r ||||1| spa d
100 1 _aPrim, José María.
_993963
245 1 0 _aInadaptados /
_cJosé Mª Prim.
250 _a1ª ed.
260 _aBarcelona :
_bGarbo,
_c1969.
300 _a278 p. ;
_c20 cm.
852 _aES-MaACL
_jC-39964
_bR.70584
999 _c122400
_d122400